000 00575nam a2200229Ia 4500
003 OSt
005 20220924151904.0
006 a|||||r|||| 00| 0
007 ta
008 220923b |||||||| |||| 00| 0 mar d
024 _a339473
037 _cTextual
040 _aARTS
_cARTS
_bmar
041 _2mar
_amar
082 _aO155,1:g, F6
100 _aGobindsut Au.
_9225184
245 0 _aMarathi sadhukavi
260 _c1926
650 _aMARATHI LITERATURE
_938000
942 _hO155,1:g, F6
_cTEXL
_2CC
999 _c467952
_d467952